Christian missions in Bihar and Jharkhand till 1947 : (Record no. 8183)
[ view plain ]
| 000 -LEADER | |
|---|---|
| fixed length control field | 01616cam a2200421Li 4500 |
| 001 - CONTROL NUMBER | |
| control field | 864862 |
| 003 - CONTROL NUMBER IDENTIFIER | |
| control field | OSt |
| 005 - DATE AND TIME OF LATEST TRANSACTION | |
| control field | 20190920124030.0 |
| 008 - FIXED-LENGTH DATA ELEMENTS--GENERAL INFORMATION | |
| fixed length control field | 150114s2014 ii bc b 001 0 eng d |
| 020 ## - INTERNATIONAL STANDARD BOOK NUMBER | |
| International Standard Book Number | 9789351480389 |
| Qualifying information | (hardback) |
| 020 ## - INTERNATIONAL STANDARD BOOK NUMBER | |
| International Standard Book Number | 9351480380 |
| Qualifying information | (hardback) |
| 020 ## - INTERNATIONAL STANDARD BOOK NUMBER | |
| International Standard Book Number | 9789351480396 |
| Qualifying information | (paperback) |
| 020 ## - INTERNATIONAL STANDARD BOOK NUMBER | |
| International Standard Book Number | 9351480399 |
| Qualifying information | (paperback) |
| 035 ## - SYSTEM CONTROL NUMBER | |
| System control number | (OCoLC)ocn900598587 |
| 035 ## - SYSTEM CONTROL NUMBER | |
| System control number | 864862 |
| 040 ## - CATALOGING SOURCE | |
| Original cataloging agency | DKAGE |
| Language of cataloging | eng |
| Description conventions | rda |
| Transcribing agency | DKAGE |
| Modifying agency | OCLCF |
| -- | LNT |
| -- | ZCU |
| -- | PTS |
| 043 ## - GEOGRAPHIC AREA CODE | |
| Geographic area code | a-ii--- |
| 049 ## - LOCAL HOLDINGS (OCLC) | |
| Holding library | PTSS |
| 050 #4 - LIBRARY OF CONGRESS CALL NUMBER | |
| Classification number | BV3280.B54 |
| Item number | H67 2014 |
| 082 04 - DEWEY DECIMAL CLASSIFICATION NUMBER | |
| Classification number | 266 |
| Edition number | 23 |
| Item number | K14C |
| 100 1# - MAIN ENTRY--PERSONAL NAME | |
| Personal name | Horo, P. C. |
| Fuller form of name | (Prem Chand), |
| Dates associated with a name | 1915-2011, |
| Relator term | author. |
| 245 10 - TITLE STATEMENT | |
| Title | Christian missions in Bihar and Jharkhand till 1947 : |
| Remainder of title | a study by P.C. Horo / |
| Statement of responsibility, etc. | edited by Jose Kalapura. |
| 264 #1 - PRODUCTION, PUBLICATION, DISTRIBUTION, MANUFACTURE, AND COPYRIGHT NOTICE | |
| Place of production, publication, distribution, manufacture | New Delhi : |
| Name of producer, publisher, distributor, manufacturer | Christian World Imprints & Gossner Theological College, |
| Date of production, publication, distribution, manufacture, or copyright notice | 2014. |
| 300 ## - PHYSICAL DESCRIPTION | |
| Extent | lix, 278 pages : |
| Other physical details | color portrait, map (black and white) ; |
| Dimensions | 22 cm |
| 336 ## - CONTENT TYPE | |
| Content type term | text |
| Source | rdacontent |
| 337 ## - MEDIA TYPE | |
| Media type term | unmediated |
| Source | rdamedia |
| 338 ## - CARRIER TYPE | |
| Carrier type term | volume |
| Source | rdacarrier |
| 500 ## - GENERAL NOTE | |
| General note | Originally presented as the author's thesis (Ph. D.)--Patna University, 1976 under title: Christian missions and communities in Bihar. |
| 504 ## - BIBLIOGRAPHY, ETC. NOTE | |
| Bibliography, etc. note | Includes bibliographical references (pages 257-273) and index. |
| 650 #0 - SUBJECT ADDED ENTRY--TOPICAL TERM | |
| Topical term or geographic name entry element | Missions |
| Geographic subdivision | India |
| -- | Bihar |
| General subdivision | History. |
| 650 #0 - SUBJECT ADDED ENTRY--TOPICAL TERM | |
| Topical term or geographic name entry element | Missions |
| Geographic subdivision | India |
| -- | Jharkhand |
| General subdivision | History. |
| 651 #0 - SUBJECT ADDED ENTRY--GEOGRAPHIC NAME | |
| Geographic name | Bihar (India) |
| General subdivision | Church history. |
| 651 #0 - SUBJECT ADDED ENTRY--GEOGRAPHIC NAME | |
| Geographic name | Jharkhand (India) |
| General subdivision | Church history. |
| 700 1# - ADDED ENTRY--PERSONAL NAME | |
| Personal name | Kalapura, Jose, |
| Relator term | editor. |
| 710 2# - ADDED ENTRY--CORPORATE NAME | |
| Corporate name or jurisdiction name as entry element | Gossner Theological College, |
| Relator term | issuing body. |
| 942 ## - ADDED ENTRY ELEMENTS (KOHA) | |
| Source of classification or shelving scheme | Dewey Decimal Classification |
| Koha item type | Books |
| 945 ## - LOCAL PROCESSING INFORMATION (OCLC) | |
| a | MARCIVE20181205 |
No items available.
